=LDR 00000nam 2200000 4500 =001 INLIS000000000809637 =008 ###################################ind## =035 ##$$a 0010-0825000130 =245 ##$$a Mengenal Dan Membudidayakan Buah Naga / $c Sri Winarsih =260 ##$$b Aneka Ilmu =020 ##$$a 317211062 =084 ##$$a 633 SIH m =520 ##$$a Tanaman buah-buahan, kehutanan =082 ##$$a 633